Posouzení modelů odhadu tržního rizika s využitím DEA přístupu

Riadenie trhových rizík vo finančných inštitúciách. Miery trhového rizika. Využitie pri riadení rizík vo finančných inštitúciách. Metódy výpočtu.

Gespeichert in:
Bibliographische Detailangaben
1. Verfasser: Kresta, Aleš
Weitere Verfasser: Tichý, Tomáš, Toloo, Mehdi
Format: Buchkapitel
Sprache:Tschechisch
Schlagworte:
Tags: Tag hinzufügen
Keine Tags, Fügen Sie das erste Tag hinzu!

MARC

LEADER 00000nla a2200000 4500
001 0230154
005 20240417075115.9
041 0 |a cze 
044 |a CZ 
245 1 0 |a Posouzení modelů odhadu tržního rizika s využitím DEA přístupu  |c Aleš Kresta, Tomáš Tichý, Mehdi Toloo 
520 |a Riadenie trhových rizík vo finančných inštitúciách. Miery trhového rizika. Využitie pri riadení rizík vo finančných inštitúciách. Metódy výpočtu. 
610 2 0 |a riziko trhové 
610 2 0 |a trh finančný 
610 2 0 |a riadenie rizík 
610 2 0 |a organizácie finančné 
610 2 0 |a metóda Value at Risk 
100 1 |a Kresta, Aleš 
700 1 |a Tichý, Tomáš 
700 1 |a Toloo, Mehdi